[Event "FRA-ch Seniors"]
[Site "Nimes"]
[Date "2018.08.20"]
[Round "3"]
[White "Prie, Eric"]
[Black "Decroix, Paloan"]
[Result "1-0"]
[WhiteElo "2480"]
[BlackElo "1916"]
[PlyCount "73"]
[EventDate "2018.08.18"]
[EventType "swiss"]
[EventRounds "9"]
[EventCountry "FRA"]
[SourceTitle "EXT 2020"]
[Source "ChessBase"]
[SourceDate "2019.10.17"]
[SourceVersion "1"]
[SourceVersionDate "2019.10.17"]
[SourceQuality "1"]

1. d4 Nf6 2. Nf3 e6 3. Bf4 b6 4. e3 Bb7 5. Bd3 Be7 6. h3 c5 7. c3 0-0 8. Nbd2 d5 9. Qe2 Ne4 10. Rd1 Nd7 11. 0-0 c4 12. Bc2 b5 13. Nxe4 dxe4 14. Nd2 f5 15. a4 a6 16. b3 cxb3 17. Bxb3 Rf6 18. axb5 axb5 19. Ra1 Ba6 20. Ra2 Nb6 21. Rfa1 Qc8 22. Bg5 Rf7 23. Rxa6 Rxa6 24. Rxa6 Qxa6 25. Bxe6 Na4 26. Bxf7+ Kxf7 27. Qh5+ Qg6 28. Qxg6+ hxg6 29. Bxe7 Kxe7 30. c4 b4 31. Kf1 g5 32. Ke1 Nc3 33. Nb3 Kd6 34. Kd2 f4 35. Kc2 f3 36. gxf3 exf3 37. Nd2 1-0

[Event "Lille Luce op 7th"]
[Site "Lille"]
[Date "2016.04.13"]
[Round "6"]
[White "Dubois, Emmanuelle"]
[Black "Decroix, Paloan"]
[Result "1/2-1/2"]
[WhiteElo "1779"]
[BlackElo "1987"]
[PlyCount "113"]
[EventDate "2016.04.09"]
[EventType "swiss"]
[EventRounds "7"]
[EventCountry "FRA"]
[SourceTitle "CBM 171 Extra"]
[Source "ChessBase"]
[SourceDate "2016.04.26"]
[SourceVersion "1"]
[SourceVersionDate "2016.04.26"]
[SourceQuality "1"]

1. e4 e5 2. Nf3 Nc6 3. Bc4 Bc5 4. 0-0 Nf6 5. d3 d6 6. c3 Bg4 7. Nbd2 a6 8. Bb3 Qd7 9. Re1 h5 10. Nf1 h4 11. Be3 h3 12. g3 0-0-0 13. N1d2 Nh5 14. Qc1 Bxe3 15. Rxe3 Qe7 16. d4 g5 17. d5 Nb8 18. Bc2 Rdg8 19. c4 Nd7 20. b4 Qf6 21. Qa3 Nf4 22. Rb1 Kd8 23. c5 Ke7 24. Qc3 Ng2 25. Rd3 Rc8 26. a4 Rhd8 27. Ne1 Be2 28. Nxg2 Bxd3 29. Bxd3 hxg2 30. Kxg2 Nb8 31. b5 axb5 32. axb5 b6 33. c6 Rh8 34. Be2 Rcg8 35. Bg4 Kf8 36. Qf3 Kg7 37. Qxf6+ Kxf6 38. Ra1 Nxc6 39. dxc6 Ra8 40. Rb1 Ra4 41. Bf3 Rha8 42. Nf1 g4 43. Bxg4 Rxe4 44. Bf3 Rd4 45. Ne3 e4 46. Bd1 d5 47. Bb3 Ke5 48. Nxd5 Rxd5 49. Bxd5 Kxd5 50. Rb2 Kc4 51. h4 f5 52. Rb1 Ra2 53. Kf1 Ra8 54. Ke2 Ra2+ 55. Ke3 Ra3+ 56. Ke2 Ra2+ 57. Ke3 1/2-1/2

[Event "FRA-ch Seniors"]
[Site "Saint Quentin"]
[Date "2015.??.??"]
[Round "4"]
[White "Weill, Roland"]
[Black "Decroix, Paloan"]
[Result "1-0"]
[WhiteElo "2155"]
[BlackElo "2069"]
[PlyCount "95"]
[EventDate "2015.08.09"]
[EventType "swiss"]
[EventRounds "11"]
[EventCountry "FRA"]
[SourceTitle "EXT 2016"]
[Source "ChessBase"]
[SourceDate "2015.10.08"]
[SourceVersion "1"]
[SourceVersionDate "2015.10.08"]
[SourceQuality "1"]

1. Nf3 Nf6 2. g3 g6 3. Bg2 Bg7 4. 0-0 c5 5. c4 Nc6 6. Nc3 0-0 7. d4 cxd4 8. Nxd4 Nxd4 9. Qxd4 d6 10. Qh4 Re8 11. Bh6 Bh8 12. Rac1 Bd7 13. b3 Bc6 14. e4 Qd7 15. Rfd1 Qg4 16. Qxg4 Nxg4 17. Bg5 h6 18. Bd2 Kh7 19. Nd5 Rad8 20. h3 Ne5 21. Be3 b6 22. Nc7 Rf8 23. Nb5 Bxb5 24. cxb5 Rc8 25. f4 Nd7 26. e5 Rxc1 27. Bxc1 Rc8 28. Bc6 Rd8 29. exd6 e5 30. Re1 Nc5 31. d7 e4 32. Be3 f5 33. Bxc5 bxc5 34. a4 Kg8 35. Rd1 Bc3 36. Rd6 Kf7 37. Kf1 Ba5 38. Bd5+ Ke7 39. Ra6 Rxd7 40. Rxa5 Rxd5 41. Rxa7+ Kd6 42. Ra6+ Kd7 43. Rxg6 Rd3 44. Rc6 Rxg3 45. Rxc5 Rf3+ 46. Ke2 Rxf4 47. Rc3 Rh4 48. b6 1-0

[Event "FRA-ch Seniors"]
[Site "Nimes"]
[Date "2014.08.24"]
[Round "7"]
[White "Decroix, Paloan"]
[Black "Biaux, Alain"]
[Result "1-0"]
[WhiteElo "2065"]
[BlackElo "1900"]
[PlyCount "120"]
[EventDate "2014.08.17"]
[EventType "swiss"]
[EventRounds "11"]
[EventCountry "FRA"]
[SourceTitle "EXT 2017"]
[Source "ChessBase"]
[SourceDate "2016.10.25"]
[SourceVersion "1"]
[SourceVersionDate "2016.10.25"]
[SourceQuality "1"]

1. d4 f5 2. Bf4 Nf6 3. e3 d6 4. Bc4 c6 5. f3 d5 6. Bd3 e6 7. Nh3 c5 8. c3 Nc6 9. a4 Bd6 10. dxc5 Bxc5 11. b4 Bd6 12. 0-0 Ne5 13. Be2 Bd7 14. Na3 Nf7 15. Nb5 Bb8 16. Qb3 a6 17. Na3 e5 18. Bg3 Ba7 19. Bf2 0-0 20. c4 dxc4 21. Bxc4 Qe7 22. Ng5 b5 23. axb5 axb5 24. Bxf7+ Rxf7 25. Nc2 Be8 26. Rfd1 Kf8 27. Nxf7 Bxf7 28. Qd3 Rc8 29. Ne1 Bb8 30. Qxb5 Bc4 31. Qa5 e4 32. Rac1 Qe6 33. Rd8+ Kf7 34. Rxc8 Qxc8 35. Qc5 Qxc5 36. bxc5 Bd5 37. c6 Ne8 38. Bg3 Bxg3 39. hxg3 Nc7 40. Kf2 Ke7 41. Nc2 Kd6 42. Nd4 g6 43. g4 exf3 44. gxf3 fxg4 45. fxg4 h5 46. Kg3 Bf7 47. Rf1 Be8 48. Rf6+ Ke7 49. g5 Bf7 50. e4 Ne8 51. Rf2 Nc7 52. Kf4 Kd6 53. Ke3 Be8 54. Rf8 Ke7 55. Rf6 Bf7 56. Kd3 Ne8 57. Rf2 Nd6 58. e5 Nf5 59. Nxf5+ gxf5 60. Kd4 Ke8 1-0

[Event "FRA-ch Seniors"]
[Site "Nimes"]
[Date "2014.08.23"]
[Round "6"]
[White "Koenig, Joel"]
[Black "Decroix, Paloan"]
[Result "1/2-1/2"]
[WhiteElo "1783"]
[BlackElo "2065"]
[PlyCount "117"]
[EventDate "2014.08.17"]
[EventType "swiss"]
[EventRounds "11"]
[EventCountry "FRA"]
[SourceTitle "EXT 2017"]
[Source "ChessBase"]
[SourceDate "2016.10.25"]
[SourceVersion "1"]
[SourceVersionDate "2016.10.25"]
[SourceQuality "1"]

1. Nc3 c5 2. f4 Nc6 3. Nf3 g6 4. b3 Bg7 5. Bb2 d5 6. e4 dxe4 7. Ng5 Nh6 8. Ngxe4 b6 9. Be2 0-0 10. 0-0 Bb7 11. Ng3 Nd4 12. Bd3 f5 13. Na4 e5 14. fxe5 Bxe5 15. Qe1 Qc7 16. c3 Nc6 17. Bc4+ Kh8 18. d4 Bd6 19. dxc5 bxc5 20. Bd5 Ng4 21. c4+ Nd4 22. Bxb7 Qxb7 23. Rd1 Rae8 24. Qd2 Nf6 25. Rfe1 Bxg3 26. hxg3 Ne6 27. Nxc5 Nxc5 28. Bxf6+ Kg8 29. Rxe8 Rxe8 30. Qd5+ Qxd5 31. Rxd5 Ne4 32. Be5 Kf7 33. b4 Ke6 34. a4 Rc8 35. Bf4 Rxc4 36. Ra5 g5 37. Ra6+ Kd5 38. Be3 Rxb4 39. Ra5+ Kc4 40. Rxf5 Rxa4 41. Bxg5 Ra1+ 42. Kh2 Nxg5 43. Rxg5 a5 44. Rh5 a4 45. Rxh7 a3 46. Ra7 Kd5 47. g4 Ke6 48. Kg3 Kf6 49. Ra6+ Kg5 50. Ra5+ Kg6 51. g5 a2 52. Kg4 Kf7 53. Ra6 Kg7 54. Ra7+ Kg6 55. Ra6+ Kg7 56. Ra7+ Kg6 57. g3 Rg1 58. Ra6+ Kg7 59. Rxa2 1/2-1/2

[Event "FRA-ch Seniors"]
[Site "Nimes"]
[Date "2014.08.20"]
[Round "4"]
[White "Decroix, Paloan"]
[Black "Goldenberg, Richard"]
[Result "0-1"]
[WhiteElo "2065"]
[BlackElo "2275"]
[PlyCount "122"]
[EventDate "2014.08.17"]
[EventType "swiss"]
[EventRounds "11"]
[EventCountry "FRA"]
[SourceTitle "EXT 2017"]
[Source "ChessBase"]
[SourceDate "2016.10.25"]
[SourceVersion "1"]
[SourceVersionDate "2016.10.25"]
[SourceQuality "1"]

1. d4 d6 2. Nf3 g6 3. e4 Bg7 4. c3 Nd7 5. Bd3 e6 6. Bg5 Ne7 7. Qd2 h6 8. Be3 b6 9. c4 Bb7 10. Nc3 a6 11. 0-0 g5 12. Rad1 Ng6 13. b4 0-0 14. Ne2 f5 15. Qc2 f4 16. Bc1 g4 17. Ne1 f3 18. Ng3 Bxd4 19. gxf3 Nde5 20. Be2 c5 21. fxg4 Qh4 22. Rxd4 cxd4 23. f3 Qh3 24. Rf2 Nxg4 25. Bf1 Qh4 26. fxg4 Ne5 27. Ng2 Qxg4 28. Nf4 Nf3+ 29. Kh1 Ng5 30. Bg2 e5 31. Nfh5 Rxf2 32. Qxf2 Qd1+ 33. Qg1 Qxg1+ 34. Kxg1 Rc8 35. h4 Rxc4 36. Bxg5 hxg5 37. hxg5 d3 38. g6 d2 39. Bf3 Rc1+ 40. Kf2 Bc8 41. Nf5 Bxf5 42. exf5 d1Q 43. Bxd1 Rxd1 44. Nf6+ Kg7 45. Ne8+ Kf8 46. Nc7 Ke7 47. g7 Kf7 48. f6 Rd4 49. Ne8 Rg4 50. Kf3 Rg1 51. Nxd6+ Kxf6 52. Ke4 Ke6 53. Ne8 Rg4+ 54. Kd3 Ke7 55. Nc7 Rxg7 56. Nxa6 Kd6 57. b5 Rg3+ 58. Kc4 Ra3 59. Nb4 e4 60. Kd4 e3 61. Nc2 e2 0-1

[Event "FRA-ch Seniors"]
[Site "Nimes"]
[Date "2014.08.19"]
[Round "3"]
[White "Decroix, Paloan"]
[Black "Marbot, Raymond"]
[Result "1-0"]
[WhiteElo "2065"]
[BlackElo "1785"]
[PlyCount "142"]
[EventDate "2014.08.17"]
[EventType "swiss"]
[EventRounds "11"]
[EventCountry "FRA"]
[SourceTitle "EXT 2017"]
[Source "ChessBase"]
[SourceDate "2016.10.25"]
[SourceVersion "1"]
[SourceVersionDate "2016.10.25"]
[SourceQuality "1"]

1. d4 Nf6 2. g3 e6 3. Bg2 d5 4. Nf3 Bd6 5. c4 c6 6. Nbd2 0-0 7. 0-0 Nbd7 8. c5 Bc7 9. b4 e5 10. dxe5 Nxe5 11. Bb2 Re8 12. Re1 Bf5 13. Nh4 Bg6 14. Nxg6 Nxg6 15. Qc2 Be5 16. Rad1 Bxb2 17. Qxb2 Qc7 18. e4 dxe4 19. Nxe4 Nxe4 20. Bxe4 Qe7 21. Qb1 Qg5 22. Kf1 Re6 23. Bxg6 Rxe1+ 24. Rxe1 Qxg6 25. Qxg6 hxg6 26. Re7 Rb8 27. Rc7 Kf8 28. h4 Ke8 29. Kg2 a6 30. Kf3 Kf8 31. a3 Ke8 32. Kf4 Kf8 33. Kg5 a5 34. g4 axb4 35. axb4 b6 36. Rxc6 bxc5 37. bxc5 Ke7 38. f3 Rd8 39. Kf4 Rd4+ 40. Ke5 Rd1 41. Rc7+ Ke8 42. Ra7 Rd2 43. Ra4 Ke7 44. Rd4 Re2+ 45. Kd5 Kd7 46. Kc4+ Kc6 47. Rd6+ Kc7 48. Kd3 Re1 49. Ra6 Kb7 50. Ra3 f5 51. Kd2 Re5 52. c6+ Kxc6 53. Ra6+ Kd5 54. Rxg6 fxg4 55. Rxg4 Re7 56. Kd3 Rf7 57. Ke3 Rb7 58. Re4 Rc7 59. Kf4 Rf7+ 60. Kg4 g6 61. Re3 Kd4 62. Re6 Rg7 63. f4 Kd5 64. Re1 Rf7 65. Re5+ Kd6 66. Kg5 Rf8 67. Ra5 Ke7 68. Ra7+ Ke6 69. Ra6+ Kd5 70. Rxg6 Re8 71. h5 Re1 1-0

[Event "FRA-ch Seniors"]
[Site "Nimes"]
[Date "2014.08.17"]
[Round "1"]
[White "Decroix, Paloan"]
[Black "Raggini, Bernard"]
[Result "1-0"]
[WhiteElo "2065"]
[BlackElo "1718"]
[PlyCount "113"]
[EventDate "2014.08.17"]
[EventType "swiss"]
[EventRounds "11"]
[EventCountry "FRA"]
[SourceTitle "EXT 2017"]
[Source "ChessBase"]
[SourceDate "2016.10.25"]
[SourceVersion "1"]
[SourceVersionDate "2016.10.25"]
[SourceQuality "1"]

1. d4 e6 2. c4 Nf6 3. Nc3 Bb4 4. Qb3 Nc6 5. e3 d5 6. f3 0-0 7. a3 Be7 8. Qc2 Na5 9. b3 c5 10. dxc5 dxc4 11. b4 Nb3 12. Rb1 Nxc1 13. Qxc1 a6 14. Bxc4 b5 15. Bb3 Bb7 16. Nge2 Re8 17. 0-0 Qc7 18. e4 Rad8 19. Kh1 Rd7 20. Qe3 Red8 21. Rbd1 Qe5 22. Qf4 Qxf4 23. Nxf4 Rxd1 24. Rxd1 Rxd1+ 25. Bxd1 g5 26. Nd3 Nd7 27. Kg1 Bf6 28. Nb1 Ne5 29. Nxe5 Bxe5 30. g3 f5 31. Bc2 f4 32. g4 Kf7 33. Kf1 h6 34. Ke2 Ke7 35. a4 Bc6 36. axb5 axb5 37. Bd3 Kd7 38. Kd2 Kc7 39. Kc2 Kb7 40. Nd2 Kc7 41. h3 Kb7 42. Nb3 Kc7 43. Be2 Kd7 44. Nc1 Kc7 45. Nd3 Bg7 46. h4 e5 47. hxg5 hxg5 48. Nf2 Bf6 49. Nd1 Be7 50. Nc3 Kb7 51. Bxb5 Bxb5 52. Nxb5 Kc6 53. Na3 Bf8 54. Kd3 Be7 55. Kc4 Bf8 56. b5+ Kc7 57. Kd5 1-0

[Event "Saint Affrique op 18th"]
[Site "Saint Affrique"]
[Date "2010.07.27"]
[Round "5"]
[White "Buscara, Sevan"]
[Black "Decroix, Paloan"]
[Result "0-1"]
[WhiteElo "2259"]
[BlackElo "2108"]
[PlyCount "78"]
[EventDate "2010.07.24"]
[EventType "swiss"]
[EventRounds "9"]
[EventCountry "FRA"]
[SourceTitle "CBM 137 Extra"]
[Source "ChessBase"]
[SourceDate "2010.09.01"]
[SourceVersion "1"]
[SourceVersionDate "2010.09.01"]
[SourceQuality "1"]

1. d4 Nf6 2. Bf4 c5 3. d5 Qb6 4. Nc3 d6 5. e4 Qxb2 6. Bd2 Qb4 7. Rb1 Qa5 8. f4 Qc7 9. Bb5+ Nfd7 10. Nf3 a6 11. e5 axb5 12. Nxb5 Qd8 13. Qe2 dxe5 14. fxe5 Nb6 15. Nd6+ exd6 16. exd6+ Be7 17. Rxb6 Kf8 18. dxe7+ Qxe7 19. Qxe7+ Kxe7 20. 0-0 f6 21. Bf4 Rd8 22. c4 Ra6 23. Bc7 Re8 24. Rb2 Nd7 25. Re2+ Kf8 26. Rfe1 Rxe2 27. Rxe2 Kf7 28. Ne1 Ra4 29. Nd3 Rxc4 30. d6 b5 31. g3 Rd4 32. Re7+ Kf8 33. Nf4 Ne5 34. Bb8 c4 35. Rc7 Rd1+ 36. Kg2 Bd7 37. Rc5 Rd2+ 38. Kf1 Rxh2 39. Nd5 Bh3+ 0-1

[Event "Saint Affrique op 18th"]
[Site "Saint Affrique"]
[Date "2010.07.26"]
[Round "4"]
[White "Decroix, Paloan"]
[Black "Lejarre, Ludovic"]
[Result "0-1"]
[WhiteElo "2108"]
[BlackElo "2385"]
[PlyCount "80"]
[EventDate "2010.07.24"]
[EventType "swiss"]
[EventRounds "9"]
[EventCountry "FRA"]
[SourceTitle "CBM 137 Extra"]
[Source "ChessBase"]
[SourceDate "2010.09.01"]
[SourceVersion "1"]
[SourceVersionDate "2010.09.01"]
[SourceQuality "1"]

1. d4 Nf6 2. c4 g6 3. Nf3 Bg7 4. g3 0-0 5. Bg2 d6 6. 0-0 Nbd7 7. Nc3 e5 8. d5 a5 9. e4 Nc5 10. Qc2 Ne8 11. Be3 Bd7 12. Qd2 b6 13. Nh4 Bf6 14. Nf3 Be7 15. Ne1 f5 16. f4 exf4 17. Bxf4 fxe4 18. Nxe4 Nxe4 19. Bxe4 g5 20. Be3 Rxf1+ 21. Kxf1 Nf6 22. Bc2 Ng4 23. Bd4 Bf6 24. Nf3 Bxd4 25. Qxd4 Qf8 26. Kg2 Re8 27. Be4 Qh6 28. h4 gxh4 29. gxh4 Re7 30. Re1 Rg7 31. Kh1 Nf6 32. Rg1 Bg4 33. Nh2 Qxh4 34. Rf1 Bf3+ 35. Rxf3 Nxe4 36. Qe3 Ng3+ 37. Rxg3 Rxg3 38. Qe8+ Kg7 39. Qd7+ Kh8 40. Qxc7 Qe4+ 0-1

[Event "Saint Affrique op 18th"]
[Site "Saint Affrique"]
[Date "2010.07.26"]
[Round "3"]
[White "Milchev, Nikolay"]
[Black "Decroix, Paloan"]
[Result "0-1"]
[WhiteElo "2360"]
[BlackElo "2108"]
[PlyCount "82"]
[EventDate "2010.07.24"]
[EventType "swiss"]
[EventRounds "9"]
[EventCountry "FRA"]
[SourceTitle "CBM 137 Extra"]
[Source "ChessBase"]
[SourceDate "2010.09.01"]
[SourceVersion "1"]
[SourceVersionDate "2010.09.01"]
[SourceQuality "1"]

1. c4 e5 2. Nc3 Nc6 3. g3 g6 4. Bg2 Bg7 5. e3 d6 6. Nge2 f5 7. d3 Nf6 8. Rb1 a5 9. a3 0-0 10. b4 axb4 11. axb4 Ne7 12. 0-0 c6 13. b5 Kh8 14. Qb3 Be6 15. Ba3 Qd7 16. Rfd1 g5 17. Na4 Rad8 18. bxc6 bxc6 19. d4 e4 20. Nb6 Qe8 21. d5 cxd5 22. cxd5 Bg8 23. Nc3 Qg6 24. h3 f4 25. exf4 gxf4 26. Ne2 Nh5 27. gxf4 Rxf4 28. Bb2 Rf3 29. Bxg7+ Nxg7 30. Qb2 Rdf8 31. Rf1 Rxh3 32. Ng3 Rh4 33. Rbe1 Rff4 34. Qd4 Nef5 35. Nxf5 Qxf5 36. Re3 Rhg4 37. Rg3 h5 38. Re1 Bh7 39. Ree3 Rxf2 40. Rc3 Re2 41. Bh3 e3 0-1

[Event "Montpellier op 4th"]
[Site "Montpellier"]
[Date "2009.??.??"]
[Round "6"]
[White "Alcaraz Ortega, Javier"]
[Black "Decroix, Paloan"]
[Result "1/2-1/2"]
[WhiteElo "2241"]
[BlackElo "2103"]
[PlyCount "95"]
[EventDate "2009.12.26"]
[EventType "swiss"]
[EventRounds "9"]
[EventCountry "FRA"]
[SourceTitle "CBM 134 Extra"]
[Source "ChessBase"]
[SourceDate "2010.03.03"]
[SourceVersion "1"]
[SourceVersionDate "2010.03.03"]
[SourceQuality "1"]

1. Nf3 Nf6 2. c4 g6 3. Nc3 Bg7 4. e4 d6 5. d4 0-0 6. Be2 e5 7. 0-0 Nc6 8. d5 Ne7 9. b4 a5 10. Ba3 axb4 11. Bxb4 b6 12. a4 Nh5 13. Re1 Nf4 14. Bf1 f5 15. a5 fxe4 16. Nd2 c5 17. dxc6 Nxc6 18. Ba3 Rxa5 19. Ndxe4 Nd4 20. Bxd6 Rxa1 21. Qxa1 Nc2 22. Qb1 Nxe1 23. Bxf8 Bxf8 24. Qxe1 Bb4 25. Qa1 Bf5 26. Qa4 Bxc3 27. Nxc3 Bd7 28. Qb4 Bc6 29. c5 bxc5 30. Qxc5 Qf6 31. Qe3 Kg7 32. g3 Ne6 33. Bg2 Bxg2 34. Kxg2 Nd4 35. Qe4 Qf5 36. Qb7+ Kh6 37. Qe4 Qxe4+ 38. Nxe4 g5 39. f3 Kg6 40. Kf2 h5 41. Ke3 g4 42. fxg4 hxg4 43. Nf2 Kf5 44. h3 gxh3 45. Nxh3 Kg4 46. Ke4 Nc6 47. Nf2+ Kxg3 48. Nd3 1/2-1/2

[Event "Paris Apsap op 69th"]
[Site "Paris"]
[Date "2003.12.29"]
[Round "3"]
[White "Decroix, Paloan"]
[Black "Justo, Damian"]
[Result "1-0"]
[WhiteElo "2122"]
[BlackElo "2306"]
[PlyCount "85"]
[EventDate "2003.12.31"]
[EventType "swiss"]
[EventRounds "7"]
[EventCountry "FRA"]
[SourceTitle "EXT 2005"]
[Source "ChessBase"]
[SourceDate "2004.11.15"]
[SourceVersion "1"]
[SourceVersionDate "2004.11.15"]
[SourceQuality "1"]

1. d4 Nf6 2. c4 c5 3. d5 e6 4. Nc3 exd5 5. cxd5 d6 6. e4 g6 7. Be2 Bg7 8. Nf3 a6 9. a4 Bg4 10. 0-0 Bxf3 11. Bxf3 0-0 12. Bf4 Qe7 13. a5 Nbd7 14. Re1 Ne5 15. Be2 Rfe8 16. Bg3 h5 17. h3 Qc7 18. f4 Ned7 19. Bf3 Nh7 20. e5 dxe5 21. d6 Qd8 22. Nd5 e4 23. Bxe4 Bd4+ 24. Kh1 Ndf6 25. Ne7+ Kf8 26. f5 Nxe4 27. Rxe4 Kg7 28. fxg6 fxg6 29. Qd3 Bf6 30. Rae1 Nf8 31. Nf5+ gxf5 32. Rxe8 Qxe8 33. Rxe8 Rxe8 34. Qxf5 h4 35. Qg4+ Ng6 36. d7 Rf8 37. Bd6 Rf7 38. Bxc5 Bd8 39. Bb6 Rf1+ 40. Kh2 Bf6 41. d8Q Be5+ 42. g3 hxg3+ 43. Kg2 1-0

[Event "Paris op 64"]
[Site "Paris"]
[Date "2003.??.??"]
[Round "7"]
[White "Decroix, Paloan"]
[Black "Lacassagne, Jean"]
[Result "0-1"]
[WhiteElo "2118"]
[BlackElo "1920"]
[PlyCount "124"]
[EventDate "2003.??.??"]
[EventType "swiss"]
[EventRounds "7"]
[EventCountry "FRA"]
[SourceTitle "EXT 2004"]
[Source "ChessBase"]
[SourceDate "2003.11.25"]
[SourceVersion "1"]
[SourceVersionDate "2003.11.25"]
[SourceQuality "1"]

1. d4 d5 2. Nf3 Nf6 3. Bf4 c5 4. c3 Qb6 5. Qc2 g6 6. dxc5 Qxc5 7. Nbd2 Bf5 8. Qa4+ Nc6 9. e3 Bg7 10. Nb3 Qb6 11. Nfd4 Bd7 12. Qa3 e5 13. Nxc6 Bf8 14. Nb4 exf4 15. exf4 a5 16. 0-0-0 Ra7 17. Nxa5 Rxa5 18. Re1+ Be6 19. Qb3 Bd6 20. g3 0-0 21. Bd3 Rc8 22. Kb1 Ne4 23. Re2 Nxf2 24. Rhe1 Nxd3 25. Nxd3 Qxb3 26. axb3 Bf5 27. Kc2 Kf8 28. Kd2 Ra2 29. Ke3 Re8+ 30. Kd4 Rxe2 31. Rxe2 Be6 32. b4 b6 33. Nf2 h5 34. Rd2 Ke7 35. Nd1 Kd7 36. Ne3 Kc6 37. Rf2 Bf8 38. Kd3 f5 39. Re2 Kd6 40. Ng2 Bg7 41. Nh4 Bd7 42. Kc2 Bb5 43. Re1 d4 44. Kb3 Ra7 45. Nxg6 Rc7 46. Nh4 Bc4+ 47. Kc2 Be6 48. Rd1 Rc4 49. Nf3 Bd5 50. Nd2 Be4+ 51. Kb3 Rc7 52. c4 b5 53. c5+ Kc6 54. Re1 Re7 55. Rd1 Bd5+ 56. Kc2 Re3 57. Kc1 Re2 58. h3 d3 59. Nf1 Rc2+ 60. Kb1 Rxb2+ 61. Kc1 Rc2+ 62. Kb1 Ba2# 0-1

[Event "Paris op 64"]
[Site "Paris"]
[Date "2003.??.??"]
[Round "3"]
[White "Decroix, Paloan"]
[Black "Laurence, Christophe"]
[Result "1-0"]
[WhiteElo "2118"]
[BlackElo "2151"]
[PlyCount "37"]
[EventDate "2003.??.??"]
[EventType "swiss"]
[EventRounds "7"]
[EventCountry "FRA"]
[SourceTitle "EXT 2004"]
[Source "ChessBase"]
[SourceDate "2003.11.25"]
[SourceVersion "1"]
[SourceVersionDate "2003.11.25"]
[SourceQuality "1"]

1. d4 Nf6 2. c4 e6 3. Nc3 Bb4 4. Qc2 0-0 5. Bg5 c5 6. e3 Nc6 7. Nf3 h6 8. Bf4 cxd4 9. exd4 g5 10. Bg3 d5 11. Rd1 Ne4 12. a3 Bxc3+ 13. bxc3 Qa5 14. Rc1 g4 15. Nd2 f5 16. Bf4 Rf6 17. f3 gxf3 18. gxf3 Ng5 19. Rg1 1-0

[Event "Paris Apsap op 56th"]
[Site "Paris"]
[Date "2002.10.28"]
[Round "3"]
[White "Decroix, Paloan"]
[Black "Stroppa, Daniel"]
[Result "0-1"]
[WhiteElo "2113"]
[BlackElo "2274"]
[PlyCount "88"]
[EventDate "2002.11.05"]
[EventType "swiss"]
[EventRounds "9"]
[EventCountry "FRA"]
[SourceTitle "CBM 091 Extra"]
[Source "ChessBase"]
[SourceDate "2003.01.09"]
[SourceVersion "1"]
[SourceVersionDate "2003.01.09"]
[SourceQuality "1"]

1. a3 d6 2. d4 Nd7 3. e4 Ngf6 4. Nc3 e5 5. Nf3 Be7 6. Bc4 0-0 7. 0-0 c6 8. dxe5 dxe5 9. h3 b5 10. Ba2 Qc7 11. Bg5 h6 12. Bh4 Re8 13. g4 g5 14. Bxg5 hxg5 15. Nxg5 Rf8 16. Nxf7 Rxf7 17. g5 Nf8 18. Bxf7+ Kxf7 19. gxf6 Bxf6 20. Qh5+ Ke7 21. f4 Be6 22. f5 Bf7 23. Qf3 Nh7 24. Rf2 Rh8 25. Rh2 Ng5 26. Qe3 Qb6 27. Qxb6 axb6 28. Kg2 Rh4 29. Re1 Bh5 30. Re3 Rf4 31. Kg3 Nf3 32. Rh1 Nd4 33. Rc1 Bh4+ 34. Kh2 Rf2+ 35. Kg1 Nf3+ 36. Rxf3 Bxf3 37. Rf1 Rxf1+ 38. Kxf1 Kf6 39. b4 Ke7 40. a4 bxa4 41. Nxa4 Bxe4 42. Nxb6 Bxc2 43. Kg2 Be4+ 44. Kh2 Bxf5 0-1

[Event "Paris Apsap op 52nd"]
[Site "Paris"]
[Date "2002.04.14"]
[Round "2"]
[White "Piankov, Evgenij"]
[Black "Decroix, Paloan"]
[Result "1-0"]
[WhiteElo "2326"]
[BlackElo "2131"]
[PlyCount "71"]
[EventDate "2002.04.17"]
[EventType "swiss"]
[EventRounds "9"]
[EventCountry "FRA"]
[SourceTitle "EXT 2003"]
[Source "ChessBase"]
[SourceDate "2002.11.25"]
[SourceVersion "1"]
[SourceVersionDate "2002.11.25"]
[SourceQuality "1"]

1. d4 Nf6 2. Nf3 e6 3. g3 c5 4. Bg2 Nc6 5. 0-0 Be7 6. c4 cxd4 7. Nxd4 0-0 8. b3 Nxd4 9. Qxd4 d6 10. Nc3 Qa5 11. Rd1 Ne8 12. Qd2 Qh5 13. Ba3 f5 14. Nb5 Bd7 15. Nxd6 Bc6 16. Qe3 Rf6 17. Bxc6 bxc6 18. Qf3 Qxf3 19. exf3 e5 20. Nxe8 Rxe8 21. Bxe7 Rxe7 22. Rd8+ Kf7 23. Rad1 Rfe6 24. R1d7 e4 25. fxe4 Rxe4 26. Rxe7+ Rxe7 27. Rd6 f4 28. gxf4 Re6 29. Rd7+ Re7 30. Rxe7+ Kxe7 31. b4 a5 32. bxa5 Kd7 33. Kg2 Kc7 34. Kf3 Kb7 35. Ke4 Ka6 36. Kd4 1-0

[Event "Paris Apsap op 53rd"]
[Site "Paris"]
[Date "2002.??.??"]
[Round "3"]
[White "Le Bellac, Pascal"]
[Black "Decroix, Paloan"]
[Result "0-1"]
[WhiteElo "2158"]
[BlackElo "2131"]
[PlyCount "50"]
[EventDate "2002.??.??"]
[EventType "swiss"]
[EventRounds "9"]
[EventCountry "FRA"]
[SourceTitle "EXT 2003"]
[Source "ChessBase"]
[SourceDate "2002.11.25"]
[SourceVersion "1"]
[SourceVersionDate "2002.11.25"]
[SourceQuality "1"]

1. e4 e5 2. Nf3 f5 3. Nxe5 Qf6 4. Nc4 fxe4 5. Nc3 Qe6 6. d3 exd3+ 7. Ne3 dxc2 8. Qxc2 c6 9. Bd3 Nf6 10. 0-0 Na6 11. Bf5 Qf7 12. Ne4 Nb4 13. Qb1 g6 14. Ng5 Qg7 15. Re1 Be7 16. a3 Nbd5 17. Nxd5 Nxd5 18. Bc2 Nf6 19. Bd2 0-0 20. Bc3 d5 21. Ne6 Bxe6 22. Rxe6 Qf7 23. Re2 Bc5 24. h3 Rae8 25. Qe1 Ne4 0-1